Vista normal Vista MARC

Entrada Corporate Name

Número de registros utilizados en: 1

001 - CONTROL NUMBER

  • control field: 37765

003 - CONTROL NUMBER IDENTIFIER

  • control field: OSt

005 - DATE AND TIME OF LATEST TRANSACTION

  • control field: 20210521115444.0

008 - FIXED-LENGTH DATA ELEMENTS

  • fixed length control field: 210521|| aca||aabn | a|a d

040 ## - CATALOGING SOURCE

  • Original cataloging agency: OSt
  • Transcribing agency: OSt

110 ## - HEADING--CORPORATE NAME

  • Corporate name or jurisdiction name as entry element: Colombia.
  • Subordinate unit: Departamento Administrativo Nacional de Estadísticas

670 ## - SOURCE DATA FOUND

  • Source citation: Work cat.: (OSt)11731: Colombia. Departamento Administrativo Nacional de Estadísticas., Colombia en Cifras 2011 / , 2012.